000
00327nam a2200133Ia 4500
008
100328s9999 xx 000 0 und d
082
_b
54940
100
_a
Aggrwala N.K.
245
_a
Golden Tales Of India
260
_b
Blackie & Son
630
_a
Golden Tales Of India
730
_a
Golden Tales Of India
942
_c
BOOK
999
_c
541642
_d
541639